000 00760nam a2200217Ii 4500
003 JO-AjNU
008 230605s9999||||xx |||||||||||||| ||und||
017 _a1990/5942
020 _a777-0537-1
040 _aJO-AjNU
_bara
_erda
_cJO-AjNU
041 _aara
050 1 4 _aKRM1710.S29.1990
100 3 _aصاري، أحمد السيد,
_eauthor
_947070
245 0 0 _aالوسيط في شرح قانون المرافعات المدنية والتجارية
264 3 1 _aالقاهرة : مطبعة جامعة القاهرة والكتاب الجامعي ، 1990
300 _a893ص
336 _atext
_btxt
_2rdacontent
337 _aunmediated
_bn
_2rdamedia
338 _avolume
_bnc
_2rdacarrier
650 4 _aقانون مرافعات -- مصر
_947071
999 _aA20522
_c24090
_d24090